000 00549nam a2200181Ia 4500
003 GCL
008 140319s9999 xx 000 0 ara d
040 _aGCL /
_cGCL
082 0 4 _a811.009
_bف خ
100 1 _aفوزى عطوى
245 1 0 _aخليل مطران شاعر الأقطار العربية /
_cفوزى عطوى
260 _a[S.N] :
_bدار الفكر العربى ،
_c1989
300 _a176 ص
490 _aاعلام الفكر العربى
_v0
650 0 4 _aالشعراء
650 0 4 _aخليل مطران
942 _2ddc
_cBK
999 _c54672
_d54672